LEADER 01186nam2-2200361---450 001 990002977120203316 005 20220518102615.0 035 $a000297712 035 $aUSA01000297712 035 $a(ALEPH)000297712USA01 035 $a000297712 100 $a20070925d1970----km-y0itay50------ba 101 $afre 102 $aFR 105 $aa---||||001yy 200 1 $a2. : <> crypte hypostyle (1957-1962)$fpar Marie-Claire Amouretti 210 $aParis$cLibrairie orientaliste Paul Geuthner$d1970 215 $aIX, 100 p., 2 carte di tavole ripiegate, 31 p. di tav.$cill.$d29 cm 225 2 $aÉtudes crétoises$v18 300 $aIn testa al frontespizio: École française d'Athènes 410 0$12001$aÉtudes crétoises$v18 454 1$12001 461 1$1001000297709$12001$aFouilles exécutées à Mallia : le centre politique 606 0 $aScavi archeologici$yMalia 676 $a939.18 700 1$aAMOURETTI,$bMarie-Claire$0213519 801 0$aIT$bsalbc$gISBD 912 $a990002977120203316 951 $aXI.3.B. 436/2$b199139 L.M.$cXI.3.B.$d00161014 959 $aBK 969 $aUMA 996 $aCrypte hypostyle (1957-1962$91027240 997 $aUNISA LEADER 01041nam a2200289 i 4500 001 991002179729707536 005 20020503162010.0 008 981016s1983 us ||| | eng 020 $a0520096525 035 $ab10327666-39ule_inst 035 $aEXGIL98942$9ExL 040 $aBiblioteca Interfacoltà$bita 082 0 $a497.5 100 1 $aCrawford, James Mack$0466804 245 10$aCocopa texts /$cJames M. Crawford 260 $aBerkeley [etc.] :$bUniversity of California,$c[1983] 300 $axi, 604 p. ;$c26 cm. 490 0 $aUniversity of California publications in linguistics ;$v100 650 4$aIndiani d'America - Arizona$xLingua 650 4$aIndiani d'America - Messico$xLingua 907 $a.b10327666$b17-02-17$c27-06-02 912 $a991002179729707536 945 $aLE002 497.5 CRA 945 $aLE002 Filol. II C 5$g1$i2002000462633$lle002$o-$pE0.00$q-$rl$s- $t0$u0$v0$w0$x0$y.i10385459$z27-06-02 996 $aCocopa texts$9200110 997 $aUNISALENTO 998 $ale002$b01-01-98$cm$da $e-$feng$gus $h0$i1